Quizzes
Events
Quiz Creation
Community
Videos
Private Events
Remove Ads
Sign In
Join for FREE
Feedback
Dark Mode
Quiz Categories
Sports
Geography
Music
Movies
Television
Just For Fun
Miscellaneous
History
Literature
Language
Science
Gaming
Entertainment
Religion
Holiday
For Kids
Quiz Lab
Recent
Popular Today
Quiz Kudos Today
Editor Picks
Curator Picks
Quizzes by...
Day
Popularity
Type
Ratings
Length
Year
Community
Subscriptions
Recent Discussions
Orange Saloon
Badges
Playlists
Quests
Create
Leaderboards
Showdown
Live 5
Trivia Bingo
Activity
Puzzle Library
Sporcle Events
Private Events
Virtual Trivia
Globe League
Become a Host
Pub Owners
SporcleCon
Opinionation
Our Games
Videos
Blog
Mobile Apps
Partnerships
Remove Ads and Go Orange
Feedback
Miscellaneous
Crossword
General Knowledge
Baby Names
Logo
Food
Cars
Numbers
Grab Bag
University
College
Popular
Company
Slogans
Restaurants
Justice
Letter
Miscellaneous
Crossword
General Knowledge
Baby Names
Logo
Food
Cars
Numbers
Grab Bag
University
College
Popular
Company
Slogans
Restaurants
Justice
Letter
Random Quiz
Search Sporcle
×
Quiz Lab
Quiz Lab
Miscellaneous
Clickable
Select answers by clicking on text or image buttons
Select answers by clicking on text or image buttons
Clickable
Best Score? Go Orange.
Movie Quiz Stats
Movie Title Followed by 3 Characters
By
brainbreak
10m
15 Questions
70 Plays
70 Plays
70 Plays
Comments
Comments
Give Quiz Kudos
Give Quiz Kudos
-
- Ratings
hide this ad
Random Order
Randomize order of answers
Randomize order of answers
Replay
Link that replays current quiz
Next Quiz
Link to next quiz in quiz playlist
You Got
0%
They Got
Avg Score
72%
Avg Friend Score
Upgrade to see
Score Distribution
Jump to the score distribution portion of the page
Score
0/15
Timer
10:00
0
Plays Today
% Correct
Teenage Mutant Ninja Turtles
91.4%
Forrest Gump
88.6%
Jungle Book
85.7%
Batman
84.3%
Lord of the Rings
82.9%
X-men
78.6%
Rocky
78.6%
Terminator
72.9%
% Correct
300
72.9%
Star Wars
71.4%
Avengers
71.4%
Guardians of the Galaxy
67.1%
Space Jam
61.4%
Talladega Nights
55.7%
Keanu
27.1%
Quiz Playlist
Details
Report
Send in Message
Add To Playlist
Clickable:
Select answers by clicking on text or image buttons
Random Order:
Randomize order of answers
Last Updated: Feb 16, 2017
Quiz Scoreboard
CHALLENGE
Sign Up to Join the Scoreboard
Show All
Scores
Hide
Comments
May contain spoilers
Recently Published
College Basketball Coaching Resumes
by pancakes188
Sports
9m
Billboard Blitz: Fleetwood Mac
by CooCooCachoo
Music
15s
Presidents Visiting Landmarks
by Hejman
History
7m
More to Explore
Quiz From the Vault
Featured Blog Post
Where Did the Easter Bunny Come From?
hide this ad
You Might Also Like...
Tags
Clickable Quiz
machine
Today's Top Quizzes in Miscellaneous
Browse Miscellaneous
hide this ad
Today's Top Quizzes in Clickable
Browse Clickable
Top Contributed Quizzes in Miscellaneous
1
5-to-1: Fast Food
2
The JOE quick-fire general knowledge quiz: Day 174
3
The JOE quick-fire general knowledge quiz: Day 173
4
5-to-1: Cocktails
5
The JOE quick-fire general knowledge quiz: Day 172
6
Sunday Crossword: Famous Bodies of Water
7
The JOE quick-fire general knowledge quiz: Day 171
8
One Thing in Common: United Kingdom II
9
Named After an Animal - Odd One Out!
10
The JOE quick-fire quiz: Day 170
Explore More
Trending Topics
Harry Potter
Kpop
Anime
Crossword
Disney
NBA
Marvel
The Office
NFL
Pokémon
Country
Soccer
Song
Puzzle
WWE
hide this ad
More By:
brainbreak
Quiz
Plays
Rating
Category
Featured
Created
Calculus Term Matching
471
3.60
Miscellaneous
Jun 2, 2016
Animated Character Matching
150
4.50
Movies
May 31, 2016
Movie Quiz
70
3.25
Miscellaneous
May 31, 2016
Go to Creator's Profile
Score Distribution
Quiz Creator Spotlight
brainbreak
Follow
Send a Message
Quizzes Created
-
Created Quiz Play Count
-
More By This Creator
Popular Quizzes Today
1
Find the US States - No Outlines Minefield
2
Find the Countries of Europe - No Outlines Minefield
3
The Countries of the World
4
Find the US States
5
Risky Map Clicking: Biggest States A-Z
6
US States
7
Popular People in 1961
8
Movies - When Are They Set?
More Miscellaneous Quizzes
Begin and End the Same
Published
Trending Quizzes
Risky Map Clicking: Least Populous States A-Z
1-10 Letter G Words
1-10 Letter F Words
Risky Map Clicking: Next State Alphabetically
Adjectives in 80s TV Shows
Recently Updated
Leaping Animals
pecheneg
Reality TV Shows (A-Z)
bhenderson79
Rickey Henderson's Hall of Fame Teammates
pecheneg
Champions League XIs: Arsenal
pecheneg
Quick Pick: Celebrities in WWE's Hall of Fame
aduchscher
A-Z Keypad Blitz II
pecheneg
Multiple Oscar Actors
pecheneg
Mystery Phrase Blitz: Oscar 'Best Actors'
pecheneg
F. Scott Fitzgerald Novels
LTH
Pick 3 Villains
ddd62291
Trending Topics
Anime
NBA
Harry Potter
Disney
Marvel
Kpop
Crossword
NFL
Puzzle
Country
The Office
Song
WWE
Soccer
Pokémon
Your Account Isn't Verified!
In order to create a playlist on Sporcle, you need to verify the email address you used during registration. Go to your
Sporcle Settings
to finish the process.
Report this User
Report this user for behavior that violates our
Community Guidelines
.
Details:
Send Report
Go to the Sporcle.com Mobile Site →
Comments